000 00264nam a2200109Ia 4500
008 220216s9999 xx 000 0 und d
100 _aThomas K.U.
245 0 _aEthephon prayogam: Karshakar ariyendathu
260 _bRubber
_c2010
300 _a11-13.
942 _cML
999 _c72921
_d72921